Normal view
MARC view
Entry Topical Term
001 - CONTROL NUMBER
- control field: 33434
003 - CONTROL NUMBER IDENTIFIER
- control field: OSt
005 - DATE AND TIME OF LATEST TRANSACTION
- control field: 20220927154733.0
008 - FIXED-LENGTH DATA ELEMENTS
- fixed length control field: 220927|| aca||aabn | a|a d
040 ## - CATALOGING SOURCE
- Original cataloging agency: OSt
- Transcribing agency: OSt
150 ## - HEADING--TOPICAL TERM
- Topical term or geographic name entry element: Public accountability, Personal liability, Abuse of power, Payment of compensation.
670 ## - SOURCE DATA FOUND
- Source citation: Work cat.: (OSt): Chengappa, M. P. and Jha, Adya 33433, Personal liability: Forging new tools of accountability in public law
